书目信息 |
| 题名: |
组合结构设计原理
|
|
| 作者: | 薛建阳 , 王静峰 主编 | |
| 分册: | ||
| 出版信息: | 北京 机械工业出版社 2020.01 |
|
| 页数: | 235页 | |
| 开本: | 26cm | |
| 丛书名: | 面向可持续发展的土建类工程教育丛书 | |
| 单 册: | ||
| 中图分类: | TU398.04 | |
| 科图分类: | ||
| 主题词: | 组合结构--zu he jie gou--结构设计 | |
| 电子资源: | ||
| ISBN: | 978-7-111-64020-2 | |
| 000 | 01487nam 2200313 450 | |
| 001 | 2063180334 | |
| 005 | 20201107173307.19 | |
| 010 | @a978-7-111-64020-2@dCNY49.00 | |
| 100 | @a20200304d2020 em y0chiy50 ea | |
| 101 | 0 | @achi |
| 102 | @aCN@b110000 | |
| 105 | @aa a 000yy | |
| 200 | 1 | @a组合结构设计原理@Azu he jie gou she ji yuan li@f主编薛建阳, 王静峰 |
| 210 | @a北京@c机械工业出版社@d2020.01 | |
| 215 | @a235页@c图@d26cm | |
| 225 | 2 | @a面向可持续发展的土建类工程教育丛书@Amian xiang ke chi xu fa zhan de tu jian lei gong cheng jiao yu cong shu |
| 300 | @a“十三五”国家重点出版物出版规划项目 | |
| 312 | @a英文题名取自封面 | |
| 314 | @a薛建阳, 博士, 二级教授, 博士生导师, 现为中国钢结构协会钢-混凝土组合结构分会常务理事、陕西省土木建筑学会地震工程专业委员会主任委员。 | |
| 320 | @a有书目 (第233-235页) | |
| 330 | @a本书共分9章, 内容包括绪论、结构设计方法和材料性能、压型钢板混凝土组合楼板、型钢混凝土结构、钢管混凝土结构、钢混凝土组合梁、钢混凝土组合剪力墙、其他组合结构以及混合结构设计等。本书主要介绍钢与混凝土组合结构及构件的受力性能、设计计算方法、构造措施, 以及一些新型组合结构和混合结构的相关知识与设计要点。 | |
| 410 | 0 | @12001 @a面向可持续发展的土建类工程教育丛书 |
| 510 | 1 | @aDesign principle of composite structure@zeng |
| 606 | 0 | @a组合结构@Azu he jie gou@x结构设计 |
| 690 | @aTU398.04@v5 | |
| 701 | 0 | @a薛建阳@Axue jian yang@4主编 |
| 701 | 0 | @a王静峰@Awang jing feng@4主编 |
| 801 | 0 | @aCN@b人天书店@c20200929 |
| 905 | @aZUCC@dTU398.04@eX954 | |
| 组合结构设计原理/主编薛建阳, 王静峰.-北京:机械工业出版社,2020.01 |
| 235页:图;26cm.-(面向可持续发展的土建类工程教育丛书) |
| “十三五”国家重点出版物出版规划项目 |
| ISBN 978-7-111-64020-2:CNY49.00 |
| 本书共分9章, 内容包括绪论、结构设计方法和材料性能、压型钢板混凝土组合楼板、型钢混凝土结构、钢管混凝土结构、钢混凝土组合梁、钢混凝土组合剪力墙、其他组合结构以及混合结构设计等。本书主要介绍钢与混凝土组合结构及构件的受力性能、设计计算方法、构造措施, 以及一些新型组合结构和混合结构的相关知识与设计要点。 |
| ● |
| 相关链接 |
|
|
|
正题名:组合结构设计原理
索取号:TU398.04/X954
 
预约/预借
| 序号 | 登录号 | 条形码 | 馆藏地/架位号 | 状态 | 备注 |
| 1 | 1486288 | 214862889 | 建筑库101/101建筑库 91排4列5层/ [索取号:TU398.04/X954] | 在馆 | |
| 2 | 1486289 | 214862898 | 建筑库101/101建筑库 91排4列5层/ [索取号:TU398.04/X954] | 在馆 |